000 00334nam a2200145Ia 4500
100 _aBhavikatti S.S.
942 _cBK
654 _amechanics
245 _aProblems and solutions in Engineering Mechanics
260 _bNew Age Interational Ltd.
_c1993
082 _a620.1
_bBHA
300 _a201
546 _aENGLISH
999 _c33450
_d33450